Enseñar lengua

Gespeichert in:
Bibliographische Detailangaben
Hauptverfasser: Cassany, Daniel (VerfasserIn), Luna, Marta (VerfasserIn), Sanz, Gloria (VerfasserIn)
Format: Buch
Sprache:Spanisch
Veröffentlicht: Barcelona Graó 1994
Ausgabe:1a. ed
Schriftenreihe:Serie Didáctica de la Lengua y de la Literatura, 117
Schlagworte:
Tags: Tag hinzufügen
Keine Tags, Fügen Sie den ersten Tag hinzu!

MARC

LEADER 00000cam a2200000 a 4500
001 UCS2330
003 CL-VaPUC
005 20231023095911.0
008 970523e19940000SP |||||||||||||||||spa|d
999 |c 260301  |d 260299 
020 |a 9788478271009 
040 |c Pontificia Universidad Católica de Valparaíso 
082 0 4 |a 372.6  |b CAS  |2 21 
100 0 |a Cassany, Daniel  |e author  |9 387661 
245 1 0 |a Enseñar lengua 
250 |a 1a. ed 
260 |a Barcelona  |b Graó  |c 1994 
300 |a 575 p 
490 0 |a Serie Didáctica de la Lengua y de la Literatura, 117 
583 |a last modification  |c 20121016 02:03:30  |k Rodrigo Vera 
650 0 |a Lengua  |9 263716  |x Didactica 
650 0 |a Lenguaje   |9 265069  |x Enseñanza 
700 0 |a Luna, Marta  |e author  |9 387662 
700 0 |a Sanz, Gloria  |e author  |9 387663 
942 |c BK  |2 ddc 
945 |d 19970523 00:00:00  |a amoreno 
952 |0 0  |1 0  |2 ddc  |4 0  |6 372_600000000000000_CAS_1994  |7 0  |8 A  |9 286290  |a BIBEDU  |b BIBEDU  |c ES_NOD  |d 2019-11-19  |i 3306062  |l 9  |o 372.6 CAS 1994  |p 3306062  |r 2023-08-09  |s 2023-06-23  |w 2019-11-19  |y BK  |k LIT 
952 |0 0  |1 0  |4 0  |6 372_600000000000000_CAS_1994  |7 0  |8 A  |9 286291  |a BIBEDU  |b BIBEDU  |c ES_NOD  |d 2019-11-19  |i 3326586  |o 372.6 CAS 1994  |p 3326586  |r 2023-08-09  |w 2019-11-19  |y BK  |k EPE 
952 |0 0  |1 0  |4 0  |6 372_600000000000000_CAS_1994  |7 0  |8 A  |9 286292  |a FDOPOS  |b FDOPOS  |d 2019-11-19  |i 330860K  |o 372.6 CAS 1994  |p 330860K  |r 2025-01-22  |w 2019-11-19  |y BK  |k MLA 
952 |0 0  |1 0  |4 0  |6 372_600000000000000_CAS_1994  |7 0  |8 A  |9 286293  |a BIBEDU  |b BIBEDU  |c ES_NOD  |d 2019-11-19  |i 4916344  |l 2  |m 4  |o 372.6 CAS 1994  |p 4916344  |r 2025-03-27  |s 2025-03-10  |w 2019-11-19  |y BK  |k EPE